| 000 | 01583cam a22005054i 4500 | ||
|---|---|---|---|
| 003 | PE-LiUPU | ||
| 005 | 20250731184609.0 | ||
| 008 | 150616s1968 xxu r 000 0 eng d | ||
| 020 | _a1555401724 | ||
| 035 | _a(Sirsi) i9781555401726 | ||
| 040 |
_aPE-LiUPU _bspa _cPE-LiUPU _erda |
||
| 049 | _aPRUA | ||
| 082 | 0 | 4 |
_a913.33 _bB18 _221 |
| 245 | 0 | 0 |
_aBenchmarks in time and culture / _ceditado por Joel F. Drinkard, Jr., Gerald L. Mattingly, y J. Maxwell Miller. |
| 264 | 1 |
_aAtlanta, Georgia : _bScholars press, _c1988. |
|
| 300 |
_a487 páginas : _bilustraciones ; _c24 centímetros |
||
| 336 |
_atext _2rdacontent |
||
| 337 |
_aunmediated _2rdamedia |
||
| 338 |
_avolume _2rdacarrier |
||
| 490 | 0 |
_aSBL Archaeology and Biblical Studies ; _v1 |
|
| 504 | _aBibliografía al final de cada capítulo. | ||
| 505 | 0 | _aThe practitioners -- The techniques -- The synthesis. | |
| 526 | _aP136 | ||
| 526 | _aP135 | ||
| 526 | _aP134 | ||
| 526 | _aP133 | ||
| 526 | _aP144 | ||
| 526 | _aP143 | ||
| 526 | _aP87 | ||
| 526 | _aP35 | ||
| 526 | _aP20 | ||
| 526 | _aP14 | ||
| 526 | _aP10 | ||
| 526 | _aP06 | ||
| 650 | 1 | 4 |
_aArqueología _xMetodología. _95518 |
| 651 | 2 | 4 |
_aSiria _xAntigüedades. _96252 |
| 651 | 2 | 4 |
_aPalestina _xAntigüedades. _93129 |
| 700 |
_aDrinkard, Joel F., _eeditor. _96224 |
||
| 700 |
_aMattingly, Gerald L., _eeditor. _96225 |
||
| 700 |
_aMiller, Maxwell J., _eeditor. _96226 |
||
| 700 |
_aCallaway, Joseph A., _eeditor. _96227 |
||
| 942 |
_2ddc _cBK |
||
| 980 |
_81 _gALBERTO SANCHEZ Responsable de Automatización |
||
| 999 |
_c60972 _d60972 |
||